000 00711nam a2200229Ia 4500
001 10071
003 GE_BSU
008 181216s||||||||xx |||||||||||||| ||und||
040 _cGE_BSU
080 _a821.353.1–1
100 _aროყვა,შოთა
245 _aრაც მიყვარს
245 _bლექსები
245 _cრედ.ც.წუწუნავა.მხატვ.მ.ჩარგეიშვილი
260 _aბათუმი
260 _bაჭარის ასსრ სახელგამი
260 _c1958
300 _a132გვ.16სმ.
653 _aლექსები
653 _aრაც მიყვარს
942 _cBK
999 _c43343
_d43343